| 000 | 00778nam a2200253Ia 4500 | ||
|---|---|---|---|
| 003 | OSt | ||
| 005 | 20221005092245.0 | ||
| 006 | a|||||r|||| 00| 0 | ||
| 007 | ta | ||
| 008 | 221004b |||||||| |||| 00| 0 eng d | ||
| 020 |
_a9780415406529 (hbk) _c5140.85 |
||
| 024 | _a89110 | ||
| 037 |
_b11804, 22/02/2008, Overseas Press _cTextual |
||
| 040 |
_aCRL _cCRL _beng |
||
| 041 |
_2eng _aeng |
||
| 082 | _aS:55:f, P8 | ||
| 100 |
_aMorrow Ross _9617067 |
||
| 245 | 0 |
_aSex research and sex theraply _b a cociology analysis of masters and Johnson |
|
| 260 |
_aNew York _bRoutledge U.S.A _c2008 |
||
| 300 |
_ax, 201p. _ccm. |
||
| 650 | _aPSYCHOLOGY | ||
| 942 |
_hS:55:f, P8 _cTEXL _2cc |
||
| 999 |
_c998579 _d998579 |
||